Reformas tributarias: año tributario 2002, impuesto a la renta, I.V.A., código tributario
Guardat en:
| Autors principals: | , |
|---|---|
| Format: | Llibre |
| Idioma: | espanyol |
| Publicat: |
Santiago
Cepet
2002
|
| Matèries: | |
| Etiquetes: |
Afegir etiqueta
Sense etiquetes, Sigues el primer a etiquetar aquest registre!
|
MARC
| LEADER | 00000nam a2200000 a 4500 | ||
|---|---|---|---|
| 001 | UCM3149 | ||
| 003 | CL-VaPUC | ||
| 008 | 020628e20020300CL |||||||||||||||||spa|d | ||
| 082 | 0 | 4 | |a 343.04 |b CON |2 21 |
| 100 | 0 | |a Contreras Urzúa, Hugo |e author |9 469906 | |
| 700 | 0 | |a González Silva, Leonel |e author |9 469907 | |
| 245 | 1 | 0 | |a Reformas tributarias: año tributario 2002, impuesto a la renta, I.V.A., código tributario |
| 300 | |a 661 p | ||
| 942 | |c BK | ||
| 945 | |d 20020628 00:00:00 |a vberengu | ||
| 260 | |a Santiago |b Cepet |c 2002 | ||
| 650 | 0 | |a Impuesto a la renta |9 258171 | |
| 650 | 0 | |a Impuesto al Valor Agregado (IVA) |9 258896 | |
| 650 | 0 | |a Código tributario |9 350428 | |
| 583 | |a last modification |c 20020628 00:00:00 |k Rodrigo Vera | ||
| 999 | |c 300644 |d 300642 | ||
| 952 | |0 0 |1 0 |4 0 |6 343_040000000000000_CON_2002 |7 0 |8 A |9 358673 |a BIBDER |b BIBDER |d 2019-11-21 |i 3822176 |o 343.04 CON 2002 |p 3822176 |r 2023-01-25 |w 2019-11-21 |y BK |k DER | ||
| 952 | |0 0 |1 0 |4 0 |6 343_040000000000000_CON_2002 |7 0 |8 P |9 358674 |a BIBGIM |b BIBGIM |d 2019-11-21 |i 3826481 |o 343.04 CON 2002 |p 3826481 |r 2025-01-15 |w 2019-11-21 |y BK |k COM | ||
| 952 | |0 0 |1 0 |4 0 |6 343_040000000000000_CON_2002 |7 0 |8 P |9 358675 |a BIBGIM |b BIBGIM |d 2019-11-21 |i 382649K |o 343.04 CON 2002 |p 382649K |r 2025-01-15 |w 2019-11-21 |y BK |k COM | ||
| 952 | |0 0 |1 0 |4 0 |6 343_040000000000000_CON_2002 |7 0 |8 P |9 358676 |a BIBGIM |b BIBGIM |d 2019-11-21 |i 3826503 |o 343.04 CON 2002 |p 3826503 |r 2025-01-15 |w 2019-11-21 |y BK |k COM | ||